| 000 | 02208cam a22004574i 4500 | ||
|---|---|---|---|
| 003 | PE-LiUPU | ||
| 005 | 20250731183437.0 | ||
| 008 | 150706s r 000 0 d | ||
| 035 | _a(Sirsi) a52025 | ||
| 040 |
_aPE-LiUPU _bspa _cPE-LiUPU _erda |
||
| 049 | _aPRUA | ||
| 082 | 0 | 4 |
_a720.98525 _bLT _221 |
| 100 | 1 |
_aChumpitaz Requena, Favio, _eautor. |
|
| 245 | 1 | 0 |
_aFernando Belaunde Terry : _bel arquitecto / _cFavio Chumpitaz Requena; editor Wiley Ludeña Urquizo ; prólogo por Frederick Cooper Llosa. |
| 264 | 1 |
_aLima : _bPontificia Universidad Católica del Perú, _c2011. |
|
| 300 |
_a183 páginas : _bilustraciones ; _c30 cm. |
||
| 336 |
_atext _2rdacontent |
||
| 337 |
_aunmediated _2rdamedia |
||
| 338 |
_avolume _2rdacarrier |
||
| 490 | 0 | _aTrabajos de investigación de estudiantes del Taller de Investigación. Facultad de Arquitectura y Urbanismo | |
| 500 | _aFernando Belaúnde Terry fue Presidente del Perú de 1963-1968; 1980-1985. | ||
| 504 | _aIncluye referencias bibliográficas. | ||
| 505 | 0 | _aFernando Belaunde Terry. El arquitecto -- Formación -- El arquitecto -- El urbanista -- El pensador comprometido. Ideas y teorías -- El editor. El arquitecto peruano: la bitácora imprescindible. -Cronología de proyectos y obras. | |
| 526 | _aP158 | ||
| 526 | _aP146 | ||
| 526 | _aP17 | ||
| 526 | _aP12 | ||
| 526 | _aP06 | ||
| 541 | _g004-000771; | ||
| 600 | 1 |
_aBelaúnde Terry, Fernando. _d1912-2002 |
|
| 650 | 0 | 4 |
_aArquitectos _zPerú _vBiografías. |
| 700 | 1 |
_aLudeña Urquizo, Wiley, _eed. |
|
| 710 | 2 |
_aPontificia Universidad Católica del Perú. Facultad de Arquitectura y Urbanismo _9534 |
|
| 700 | 1 |
_aCooper Llosa, Frederick, _eprol. |
|
| 910 |
_afsr _bjv _cfsr _d20130226 |
||
| 942 |
_2ddc _cBOOK |
||
| 949 |
_a720.98525 LT 3 _wDEWEY _c1 _i66350 _lCCODEBUL1 _mBUL _p21.00 _r0 _sY _tLIBRO _u2015-07-06 _xINGENIERIA _PP06 _o.STAFF. Colección General |
||
| 994 |
_aC0 _bPEPRU |
||
| 596 | _a1 | ||
| 999 |
_a720.98525 LT 3 _wDEWEY _c54612 _i66350 _d54612 _e2018-8-31 _f2021-11-9 _g7 _lCCODEBUL1 _mBUL _n3 _p21.00 _q2 _r0 _sY _tBOOK _u2015-7-6 _xINGENIERIA _PP06 _0COMPRA _o.STAFF. Colección General |
||
| 980 |
_81 _gALBERTO SANCHEZ Responsable de Automatización |
||